Osteocephalus planiceps cope (Amphibia: Hylidae) (Registro nro. 16349)
[ vista simple ]
| 000 -CABECERA | |
|---|---|
| Campo de control | 005370000a22001570004500 |
| 090 ## - CLASIFICACIÓN LOCAL | |
| Colección | SERIADAS |
| 044 ## - PAÍS DE PUBLICACIÓN | |
| País de publicación | |
| 041 0# - IDIOMA | |
| Código de idioma para texto/pista de sonido o título separado | |
| 100 1# - ASIENTO PRINCIPAL--NOMBRE PERSONAL | |
| Nombre personal | Lynch, John D. |
| 245 10 - MENCION DE TITULO | |
| Título | Osteocephalus planiceps cope (Amphibia: Hylidae) |
| Version | its distribution in Colombia and significance |
| 651 #4 - ASIENTO SECUNDARIO DE MATERIA - NOMBRE GEOGRAFICO | |
| -- | Colombia |
| -- | Cuenca Amazónica |
| 773 1# - Item fuente: | |
| Título | Revista de la Academia Colombiana de Ciencias Exactas, Físicas y Naturales |
| Descripción física | 122 |
| Paginas del Articulo | 87-91 |
| Lugar, editorial y fecha de publicación | 2008 |
| Información sobre la relación | 32 |
| 942 ## - ELEMENTOS ADICIONALES (KOHA) | |
| Tipo de ítem | Artículo |
No hay ítems disponibles.